000 00306nam a2200109Ia 4500
008 200302s9999 xx 000 0 und d
100 _aRobert Venturi & Other
245 _aLearning from Las Vegas the Forgotten Symbolism of Architectural Form
260 _bThe Mit Press
260 _c1977
300 _a192 P.,
999 _c2618
_d2618